ბათუმის შოთა რუსთაველის სახელმწიფო უნივერსიტეტის ბიბლიოთეკა

Measure,Integral and Probability. (ბიბ.ჩანაწერი № 41067)

000 -LEADER
fixed length control field 00798nam a2200253Ia 4500
001 - CONTROL NUMBER
control field 7716
003 - CONTROL NUMBER IDENTIFIER
control field GE_BSU
005 - DATE AND TIME OF LATEST TRANSACTION
control field 20221116114033.0
008 - FIXED-LENGTH DATA ELEMENTS--GENERAL INFORMATION
fixed length control field 181216s||||||||xx |||||||||||||| ||und||
020 ## - INTERNATIONAL STANDARD BOOK NUMBER
International Standard Book Number 1852337818.x
040 ## - CATALOGING SOURCE
Transcribing agency GE_BSU
041 ## - LANGUAGE CODE
Language code of text/sound track or separate title eng
080 ## - UNIVERSAL DECIMAL CLASSIFICATION NUMBER
Universal Decimal Classification number 519.2 C-20
100 ## - MAIN ENTRY--PERSONAL NAME
Personal name Capinski Marek.
9 (RLIN) 14678
245 ## - TITLE STATEMENT
Title Measure,Integral and Probability.
Statement of responsibility, etc. Marek, Capinski Kopp Ekkehard .
250 ## - EDITION STATEMENT
Edition statement Second editoin
264 ## - PRODUCTION, PUBLICATION, DISTRIBUTION, MANUFACTURE, AND COPYRIGHT NOTICE
Place of production, publication, distribution, manufacture London :
Name of producer, publisher, distributor, manufacturer Springer,
Date of production, publication, distribution, manufacture, or copyright notice 2005.
300 ## - PHYSICAL DESCRIPTION
Extent 311 p.:
Other physical details 25 cm.
440 ## - SERIES STATEMENT/ADDED ENTRY--TITLE
Title Springer Undergraduate Mathematics Series: ISSN 1615-2085.
9 (RLIN) 14670
653 ## - INDEX TERM--UNCONTROLLED
keyword Measure,Integral and Probability.
653 ## - INDEX TERM--UNCONTROLLED
keyword საზომი, ინტეგრალი და ალბათობა.
700 ## - ADDED ENTRY--PERSONAL NAME
Personal name Ekkehard, Kopp.
9 (RLIN) 15850
942 ## - ADDED ENTRY ELEMENTS (KOHA)
Koha item type წიგნი
Source of classification or shelving scheme
ეგზემპლარები
Withdrawn status Lost status Source of classification or shelving scheme Damaged status Not for loan Permanent Location Current Location Shelving location Date acquired Cost, normal purchase price Full call number Barcode Date last seen Copy number Price effective from Koha item type Public note
          ბათუმის შოთა რუსთაველის სახელმწიფო უნივერსიტეტის მთავარი ბიბლიოთეკა ბათუმის შოთა რუსთაველის სახელმწიფო უნივერსიტეტის მთავარი ბიბლიოთეკა წიგნსაცავი 2018-12-17 76.00 519.2 C-20 24048 2018-12-17 24048 2018-12-17 წიგნი 76.00
          ბათუმის შოთა რუსთაველის სახელმწიფო უნივერსიტეტის მთავარი ბიბლიოთეკა ბათუმის შოთა რუსთაველის სახელმწიფო უნივერსიტეტის მთავარი ბიბლიოთეკა წიგნსაცავი 2018-12-17 76.00 519.2 C-20 24049 2018-12-17 24049 2018-12-17 წიგნი 76.00
          ბათუმის შოთა რუსთაველის სახელმწიფო უნივერსიტეტის მთავარი ბიბლიოთეკა ბათუმის შოთა რუსთაველის სახელმწიფო უნივერსიტეტის მთავარი ბიბლიოთეკა წიგნსაცავი 2018-12-17 76.00 519.2 C-20 24050 2018-12-17 24050 2018-12-17 წიგნი 76.00
          ბათუმის შოთა რუსთაველის სახელმწიფო უნივერსიტეტის მთავარი ბიბლიოთეკა ბათუმის შოთა რუსთაველის სახელმწიფო უნივერსიტეტის მთავარი ბიბლიოთეკა წიგნსაცავი 2018-12-17 76.00 519.2 C-20 24051 2018-12-17 24051 2018-12-17 წიგნი 76.00
          ბათუმის შოთა რუსთაველის სახელმწიფო უნივერსიტეტის მთავარი ბიბლიოთეკა ბათუმის შოთა რუსთაველის სახელმწიფო უნივერსიტეტის მთავარი ბიბლიოთეკა წიგნსაცავი 2018-12-17 76.00 519.2 C-20 24052 2018-12-17 24052 2018-12-17 წიგნი 76.00